| 000 | 01150cam a2200205 4500 | ||
|---|---|---|---|
| 001 | ABS66818 | ||
| 008 | 030625n2003 000 0 eng u | ||
| 035 | _a(Sirsi) u122749 | ||
| 100 | _aSalmon, N. | ||
| 245 | _aIs it right to run with the pack? | ||
| 260 | _c2003 | ||
| 490 |
_aEstates Gazette _v(0320) 17 May 2003, 139(1) |
||
| 520 | _aProposes a process modification, which would remove the core objections to the home information pack (HIP) as is being introduced by the government. Argues that the seller should be required to produce a HIP only when a serious prospective buyer actually appears rather than have it in place at the beginning of the property marketing campaign. The prospective buyer should put down a small deposit to show good faith when the seller commissions the pack most probably through the estate agent. This modification would benefit all parties and help the government to fulfil its manifesto pledge. | ||
| 590 | _aABS | ||
| 650 | _aPROPERTY MARKETING | ||
| 650 | _aHOME INFORMATION PACKS | ||
| 650 | _aHOUSING BILL 2003 | ||
| 690 | _aPROPERTY-RESIDENTIAL PROPERTY-RESIDENTIAL PROPERTY MARKET | ||
| 942 | _n0 | ||
| 999 |
_c72929 _d72929 |
||